zpět

Detail výsledku týmu

Pub Na Plech ČT - Žižkov, Praha

Datum a čas kvízu

31 Celkem bodů Celkový počet nahraných bodů na tomto kvízu bez doplňovacích otázek.
5. Pořadí na kvízu Konečné umístění týmu na tomto kvízu.

Zaznamenané odpovědi

# Otázka Odpověď Body Výsledky
1. Předseda vlády Petr Fiala se p... o klimatu 0
2. Skupina filmařů minulý týden p... raketoplánu Challenger 0
3. Minulý týden bylo oznámeno, že... Anděl Páně 1
4. V pondělí vzali zákazníci útok... o vejce 1
5. V pondělí náš ženský tenisový... Barbora Krejčíková, Kateřina Siniaková 1
6. V první otázce věnované slavný... Zrzečka 0
7. Který hlodavec je obsažen v čí... krysa 1
8. Tento krysák, hlavní hrdina fi... Remy 1
9. Jak se dvouslovně jmenuje tato... Krysí smrť 1
10. Téma zakončíme v mytologii, a... veverka 0